Penerbitan bahagian indeks harta tanah 2018

Bibliographic Details
Corporate Authors: Malaysia . Kementerian Kewangan, Jabatan Penilaian dan Perkhidmatan Harta
Format: Book
Published: Putrajaya : Jabatan Penilaian dan Perkhidmatan Harta 2019
Subjects:

MARC

LEADER 00000cam a2200000 7i4500
001 0000028466
005 20241122.0
008 190510 my a e
040 |a INS   |b eng   |e rda 
090 0 0 |a CD 561 
110 1 |a Malaysia .   |b Kementerian Kewangan 
245 0 0 |a Penerbitan bahagian indeks harta tanah 2018 
264 1 |a Putrajaya :   |b Jabatan Penilaian dan Perkhidmatan Harta   |c 2019 
300 |a 1 CD :   |b illustrations ;   |c 4 3/4 inci. 
336 |a computer dataset  |2 rdacontent 
337 |a computer  |2 rdamedia 
338 |a computer disc  |2 rdacarrier 
500 |a CD ini mengandungi : 1. Indeks Harga Rumah Malaysia Q3-4 2018., 2. Indeks Sewaan Binaan Khas Lembah Klang, Johor Bahru & George Town Q3-Q4 2018., 3. Pindah Milik Harta Tanah RM10 Juta., 4. Jual Beli Tanah Ladang., 5. Harga Kediaman Sukuan Terkini Q4 2018., 6. Harga Kediaman Tahunan Terkini 2018 
650 0 |a Property   |x Periodicals   |z Malaysia 
650 0 |a Real estate business   |x Periodicals   |z Malaysia 
710 1 |a Jabatan Penilaian dan Perkhidmatan Harta 
999 |a CD00000571   |b CD-ROM   |c Media Collection   |e Default branch